000 00431nam a22001697a 4500
003 OSt
005 20220208100001.0
008 220208b |||||||| |||| 00| 0 eng d
020 _a0333986652
040 _cHU
082 _a658
100 _aNIETO MICHAEIL L.
_929883
245 _aAN INTERODUCTION TO HUMAN RESOURES MANAGEMENT AN INTEGERATED APPEROCH
260 _aCHAINA
_bLTD
_c2006
300 _a284
942 _2ddc
_cBOOKS
_n0
999 _c29474
_d29474